000 00524nam a2200193 a 4500
001 1764842421835
003 ACL
005 20251204153252.0
008 251204s1997##################000#0#eng##
020 _a9780412709203
082 0 4 _a624.1899
_bADA
100 1 _aAdams, Robert D.,
_eauthor.
245 1 0 _aStructural Adhesive Joints in Engineering :
260 _bSpringer Science & Business Media,
_c1997.
300 _a384 pages
650 0 _aTechnology & Engineering.
942 _cENGLISH
040 _aACL
_beng
_cACL
999 _c600110
_d600110